00916nam a2200253Ia 4500008004100000040001200041082001700053082001500070100001800085245013200103260001100235300000700246300000600253300001400259530001000273530001700283563001000300600001800310630013200328650003000460650002200490700001800512730013200530160321s9999||||xx |||||||||||||| ||und|| cEnglish aXI.B Divekar bBORI-17687 aS. M. Divekar a"An Outline of the Educational Administrative Set-Up in the U.S.A , The U.S.S.R.,England ,China And Japan in Relation To India" aBaroda a58 cB ePaperback bJoshi u00059355.pdf aStudy aS. M. Divekar a"An Outline of the Educational Administrative Set-Up in the U.S.A , The U.S.S.R.,England ,China And Japan in Relation To India" a"Social History, Culture" aGeneral Indology  aS. M. Divekar a"An Outline of the Educational Administrative Set-Up in the U.S.A , The U.S.S.R.,England ,China And Japan in Relation To India"